Industrial Marketing (Record no. 3989)

MARC details
000 -LEADER
fixed length control field 00347nam a22001577a 4500
005 - DATE AND TIME OF LATEST TRANSACTION
control field 20160625115429.0
008 - FIXED-LENGTH DATA ELEMENTS--GENERAL INFORMATION
fixed length control field 160625b xxu||||| |||| 00| 0 eng d
041 ## - LANGUAGE CODE
Language code of text/sound track or separate title eng
082 ## - DEWEY DECIMAL CLASSIFICATION NUMBER
Item number 10056
100 ## - MAIN ENTRY--AUTHOR NAME
Personal name Charunilam, Francis
245 ## - TITLE STATEMENT
Title Industrial Marketing
260 ## - PUBLICATION, DISTRIBUTION, ETC. (IMPRINT)
Name of publisher HPI
300 ## - PHYSICAL DESCRIPTION
Number of Pages 375
650 ## - SUBJECT ADDED ENTRY--TOPICAL TERM
Topical Term Management
942 ## - ADDED ENTRY ELEMENTS (KOHA)
Koha item type Books

No items available.